Best Selling Songs of the 2010s - UK - Statistics

General Stats
  • This quiz has been taken 101 times
  • The average score is 12 of 20
Answer Stats
# Year Artist Song Title % Correct
1 2013 Pharrell Williams Happy
99%
3 2014 Mark Ronson featuring Bruno Mars Uptown Funk
86%
10 2012 Carly Rae Jepsen Call Me Maybe
85%
2 2013 Robin Thicke featuring T.I. and Pharrell Williams Blurred Lines
76%
13 2012 Psy Gangnam Style
74%
6 2012 Gotye featuring Kimbra Somebody That I Used to Know
74%
17 2013 John Legend All of Me
67%
5 2011 Maroon 5 featuring Christina Aguilera Moves Like Jagger
65%
8 2013 Daft Punk featuring Pharrell Williams Get Lucky
61%
15 2011 LMFAO featuring Lauren Bennett and GoonRock Party Rock Anthem
59%
19 2013 Passenger Let Her Go
57%
14 2012 David Guetta featuring Sia Titanium
56%
7 2012 Avicii featuring Aloe Blacc Wake Me Up
54%
18 2010 Eminem featuring Rihanna Love the Way You Lie
50%
4 2011 Adele Someone Like You
50%
20 2011 Jessie J featuring B.o.B Price Tag
39%
9 2011 Rihanna featuring Calvin Harris We Found Love
39%
11 2010 Bruno Mars Just the Way You Are (Amazing)
38%
16 2014 Clean Bandit featuring Jess Glynne Rather Be
37%
12 2012 James Arthur Impossible
35%
No matching quizzes found
Score Distribution
Percent of People with Each Score
Percentile by Number Answered
Your Score History
You have not taken this quiz